Haiku /

Guardado en:
Autor Principal: Rivera, Iris.
Otros Autores: Ernicke, María.
Formato: Libro
Idioma:Undetermined
Publicado: Buenos Aires : Calibroscopio, 2014.
Series:de Aula
Materias:
Etiquetas: Agregar Etiqueta
Sin Etiquetas, Sea el primero en etiquetar este registro!
LEADER 00623nam a22002175a 4500
001 CEM.cems019493
008 220905s2014####ag############000#0#und#d
005 20220905102344.0
245 1 0 |a Haiku /  |c Iris Rivera; ilustrado por María Ernicke. 
260 |a Buenos Aires :  |b Calibroscopio,  |c 2014. 
300 |a 36 p. 
490 1 |a de Aula 
020 |a 9789871801817 
100 1 |a Rivera, Iris. 
700 1 |a Ernicke, María. 
653 |a Literatura 
653 |a Literatura Argentina 
653 |a Poesía Argentina 
653 |a Poesía 
653 |a Haiku 
859 |a CEMS  |b BIB. CEMS - Inicial y Primaria  |h A861.4  |i R524  |k IP  |p 5361  |t Ej.1